Statistics for Asian Countries In UEFA

Click here to take the quiz!

General Stats

  • This quiz has been taken 75 times
    (58 since last reset)
  • The average score is 6 of 7

Answer Stats

Country% Correct
Armenia
96%
Turkey
96%
Azerbaijan
94%
Georgia
92%
Israel
92%
Kazakhstan
92%
Cyprus
84%

Score Distribution

Percentile by Number Answered

Percent of People with Each Score

Your Score History

You have not taken this quiz since the last reset